|
|
|
|
| LEADER |
00000naa a2200000 a 4500 |
| 001 |
vtls011854677 |
| 003 |
SK-MaSNL |
| 005 |
20260302133135.0 |
| 008 |
210910|2012 xo |||||||||||||||||eng| |
| 015 |
|
|
|a SNBCL
|
| 035 |
|
|
|a (urnnbn)urn:nbn:sk:snk:ar-a0az5f
|
| 035 |
|
|
|a urn:nbn:sk:snk-aaw8u3
|
| 035 |
|
|
|a (uuid)45492d70-2333-4f3b-9482-b149cb162da1
|
| 040 |
|
|
|a SNKBUCL
|b slo
|c SNKBUCL
|e AACR2
|
| 041 |
|
|
|a eng
|
| 044 |
|
|
|a xo
|c SK
|
| 100 |
1 |
|
|a Petráňová, A.
|4 aut
|9 819380
|
| 245 |
1 |
0 |
|a Control of Radiation Tubes in the Petrochemical Industry with Eddy Current Method
|c A. Petráňová, J. Bezecný, P. Zifčák
|
| 336 |
|
|
|a text
|b txt
|c rdacontent
|
| 337 |
|
|
|a bez média
|b n
|c rdamedia
|
| 338 |
|
|
|a zväzok
|b nc
|c rdacarrier
|
| 655 |
|
7 |
|a články zo zborníkov
|2 snkbucl
|9 166140
|
| 700 |
1 |
|
|a Bezecný, J.
|4 aut
|9 804772
|
| 700 |
1 |
|
|a Zifčák, P.
|4 aut
|9 790075
|
| 773 |
0 |
|
|t Machine Modeling and Simulations 2011
|d In Trenčín : Faculty of Industrial Technologies University of Alexander Dubček ; In Púchov : Faculty of Industrial Technologies, 2012
|g S. 457-462
|z 9788080754945
|
| 958 |
|
|
|a OND
|
| 958 |
|
|
|a article26
|
| 958 |
|
|
|a chapter
|
| 999 |
|
|
|c 1315521
|d 1317451
|